[Event "chess.com SpeedChess Q1Sw"]
[Site "chess.com INT"]
[Date "2022.11.10"]
[Round "8"]
[White "Stribuk, Artiom"]
[Black "Bok, Benjamin"]
[Result "1/2-1/2"]
[WhiteTitle "FM"]
[BlackTitle "GM"]
[WhiteElo "2312"]
[BlackElo "2618"]
[WhiteFideId "13515659"]
[BlackFideId "1017063"]
[EventDate "2022.11.10"]

1. d4 Nf6 2. c4 e6 3. g3 c5 4. Nf3 cxd4 5. Nxd4 d5 6. Bg2 e5 7. Nf3 d4 8. O-O
Nc6 9. e3 Be7 10. exd4 exd4 11. Bf4 Be6 12. Ne5 Rc8 13. Nd2 O-O 14. Re1 Nxe5 15.
Bxe5 Qd7 16. b3 Rfd8 17. Qf3 b5 18. Rac1 Ng4 19. Bf4 g5 20. h3 gxf4 21. hxg4
fxg3 22. Qxg3 Bb4 23. Ne4 Qe7 24. Qe5 Bxe1 25. Nf6+ Kh8 26. Rxe1 d3 27. Nd5+ f6
28. Qxe6 Qxe6 29. Rxe6 d2 30. Bf3 bxc4 31. bxc4 Rxc4 32. Ne3 Ra4 33. Rxf6 Rxa2
34. Kg2 Ra1 35. Rf7 a5 36. Ra7 a4 37. Bd1 a3 38. Bc2 Rc1 39. Bf5 Re1 40. Bc2 Rc1
41. Bd1 Rd3 42. Kf3 Rxd1 43. Ke2 Rxe3+ 44. Kxd1 Rf3 45. Kxd2 Rxf2+ 46. Ke3 Rh2
47. Kf4 a2 48. g5 Kg8 49. Kf5 Kf8 50. Kf6 Ke8 51. Kg7 Kd8 52. Kf6 Kc8 53. Kg7
Kb8 54. Ra3 Kc7 55. Ra8 Kd6 56. Ra5 Kc6 57. Kf6 Kb6 58. Ra8 Kc5 59. Kg7 Kc4 60.
Rxa2 Rxa2 61. Kxh7 Rh2+ 62. Kg8 Kd5 63. g6 Ke6 64. g7 Ra2 65. Kh7 Rh2+ 66. Kg8
Rg2 67. Kf8 Rf2+ 68. Ke8 Rg2 69. Kf8 Rf2+ 70. Ke8 Rg2 71. Kf8 1/2-1/2

[Event "chess.com SpeedChess Q1Sw"]
[Site "chess.com INT"]
[Date "2022.11.10"]
[Round "8"]
[White "Czerw, Dawid"]
[Black "Baskakov, Egor"]
[Result "1-0"]
[WhiteTitle "FM"]
[BlackTitle "CM"]
[WhiteElo "2373"]
[BlackElo "2215"]
[WhiteFideId "1145746"]
[BlackFideId "24197866"]
[EventDate "2022.11.10"]

1. d4 Nf6 2. c4 e6 3. Nc3 d5 4. cxd5 Nxd5 5. e4 Nxc3 6. bxc3 b6 7. Bb5+ c6 8.
Bd3 Bb7 9. Nf3 Nd7 10. O-O Be7 11. Qe2 O-O 12. Re1 c5 13. Bf4 cxd4 14. cxd4 Re8
15. Rad1 Bb4 16. Bd2 Qe7 17. Qe3 Rac8 18. Qf4 Bxd2 19. Rxd2 Qb4 20. h4 h6 21.
Rde2 Rc3 22. Re3 Qa3 23. Bb1 Rxe3 24. fxe3 e5 25. Qf5 Bc8 26. Qh3 Qc3 27. Qg3
Bb7 28. Qf2 exd4 29. exd4 Nf6 30. Qd2 Qc7 31. e5 Bxf3 32. exf6 Rxe1+ 33. Qxe1
Bc6 34. Qe7 Bd7 35. Be4 Qc1+ 36. Kf2 Qf4+ 37. Ke2 Bb5+ 38. Bd3 Qg4+ 39. Kd2
Qxg2+ 40. Kc3 Qc6+ 41. Kd2 Bxd3 42. Kxd3 Qxf6 43. Qxa7 g5 44. hxg5 hxg5 45. Qd7
Kg7 46. d5 Kg6 47. d6 Qf3+ 48. Kd4 Qf4+ 49. Kd5 Qf3+ 50. Kd4 Qd1+ 51. Kc4 Qc2+
52. Kb5 Qxa2 53. Qe7 Qb3+ 54. Kc6 Qc4+ 55. Kb7 Qd5+ 56. Kc7 Qc5+ 57. Kb7 g4 58.
Qc7 Qd5+ 59. Kb8 g3 60. d7 g2 61. d8=Q Qxd8+ 62. Qxd8 f5 63. Qg8+ Kf6 64. Qxg2
Ke5 65. Kc7 b5 66. Kc6 b4 67. Qe2+ Kd4 68. Kb5 b3 69. Qb2+ Ke3 70. Qxb3+ Ke4 71.
Qe6+ Kf4 72. Kc5 1-0

[Event "chess.com SpeedChess Q1Sw"]
[Site "chess.com INT"]
[Date "2022.11.10"]
[Round "8"]
[White "Harshavardhan, G B"]
[Black "Lewtak, Damian"]
[Result "1-0"]
[WhiteTitle "IM"]
[BlackTitle "IM"]
[WhiteElo "2426"]
[BlackElo "2385"]
[WhiteFideId "25059009"]
[BlackFideId "1141724"]
[EventDate "2022.11.10"]

1. d4 c6 2. c4 d5 3. Nf3 Nf6 4. Nc3 dxc4 5. a4 Bf5 6. e3 e6 7. Bxc4 Bb4 8. O-O
O-O 9. Qe2 Ne4 10. Nxe4 Bxe4 11. b3 Nd7 12. Bb2 Qe7 13. Rfd1 Rfd8 14. Rac1 a5
15. Nd2 Bg6 16. Bd3 e5 17. Bxg6 hxg6 18. dxe5 Nxe5 19. Nc4 Nxc4 20. Qxc4 Rxd1+
21. Rxd1 Rd8 22. Rxd8+ Qxd8 23. g3 Qd7 24. Kg2 b5 25. Qe4 bxa4 26. bxa4 c5 27.
Qe5 f6 28. Qe4 Qxa4 29. Qd5+ Kh7 30. Qb7 Kh6 31. Qc8 Kh7 32. Qb7 Kh6 33. Qc8 Kh7
34. Qc7 Kg8 35. Qc8+ Kf7 36. Qb7+ Kf8 37. e4 Qe8 38. e5 Qe7 39. Qd5 a4 40. Qa8+
Kf7 41. Qxa4 Qb7+ 42. f3 fxe5 43. Bxe5 Qe7 44. Qb3+ Kf8 45. Qe3 Kg8 46. Qe4 Qe6
47. Qa8+ Kh7 48. Qb8 Bd2 49. Qc7 Bh6 50. Qxc5 Qa2+ 51. Qf2 Qe6 52. Qe2 g5 53. g4
g6 54. Kf2 Bg7 55. Bxg7 Qb6+ 56. Qe3 Qxe3+ 57. Kxe3 Kxg7 58. Ke4 Kf7 59. Kd5 Ke7
60. Ke5 Kf7 61. f4 gxf4 62. Kxf4 Kf6 63. Ke4 Ke6 64. h4 Kf6 65. Kd5 Kf7 66. Ke5
Ke7 67. g5 1-0

[Event "chess.com SpeedChess Q1Sw"]
[Site "chess.com INT"]
[Date "2022.11.10"]
[Round "8"]
[White "Bartel, Mateusz"]
[Black "Paravyan, David"]
[Result "0-1"]
[WhiteTitle "GM"]
[BlackTitle "GM"]
[WhiteElo "2627"]
[BlackElo "2586"]
[WhiteFideId "1112635"]
[BlackFideId "4194985"]
[EventDate "2022.11.10"]

1. Nf3 Nf6 2. g3 g6 3. Bg2 Bg7 4. O-O O-O 5. d4 d5 6. c3 c6 7. Bf4 a5 8. Nbd2 a4
9. c4 Nbd7 10. Rc1 Re8 11. Qc2 Nb6 12. Rfd1 Bf5 13. Qc3 dxc4 14. Nxc4 Nfd5 15.
Qd2 Nxc4 16. Rxc4 Nxf4 17. Qxf4 Be6 18. d5 Bxd5 19. Ng5 e5 20. Bxd5 exf4 21.
Bxf7+ Kh8 22. Rxd8 Rexd8 23. Rxf4 Bh6 24. h4 Bxg5 25. hxg5 Rf8 26. Kf1 Kg7 27.
Bc4 Rxf4 28. gxf4 b5 29. Bd3 Rd8 30. Ke1 Rd4 31. Kd2 Rxf4 32. f3 Kf7 33. a3 Ke6
34. Ke3 Rf8 35. f4 Kd6 36. Ke4 Re8+ 37. Kf3 Rb8 38. Bc2 c5 39. e4 c4 40. e5+ Kd5
41. Be4+ Ke6 42. Bc6 Rb6 43. Be4 b4 44. axb4 Rxb4 45. Bc6 c3 46. bxc3 a3 47.
cxb4 a2 48. Ke4 a1=Q 49. b5 Qa4+ 50. Ke3 Qb4 51. Kf3 Ke7 52. Kg4 Qc5 53. Kf3 Qd4
54. Kg4 Qe3 55. Bd5 Qg1+ 56. Kh3 Qf1+ 57. Kg4 Qxb5 58. Bf3 Qb4 59. Kg3 Qe1+ 60.
Kg2 Qe3 61. Kg3 Qc3 62. Kg4 Qa1 63. Kg3 Qg1+ 64. Kh3 Qf2 65. Kg4 Ke6 66. Be4
Qg1+ 67. Kf3 Qh1+ 68. Ke3 Qe1+ 69. Kf3 Qh4 70. Bd3 Qh3+ 71. Ke4 Qg2+ 72. Ke3
Qg3+ 73. Ke4 Ke7 74. Bc4 Qh4 75. Bd5 h6 76. gxh6 g5 0-1

[Event "chess.com SpeedChess Q1Sw"]
[Site "chess.com INT"]
[Date "2022.11.10"]
[Round "8"]
[White "Ter-Sahakyan, Samvel"]
[Black "Samadov, Read"]
[Result "1/2-1/2"]
[WhiteTitle "GM"]
[BlackTitle "FM"]
[WhiteElo "2605"]
[BlackElo "2450"]
[WhiteFideId "13302531"]
[BlackFideId "13417444"]
[EventDate "2022.11.10"]

1. d4 d5 2. c4 c6 3. Nf3 Nf6 4. Nc3 dxc4 5. a4 Bf5 6. Ne5 Nbd7 7. Nxc4 Qc7 8.
Bg5 e5 9. e3 Be7 10. Be2 Rd8 11. O-O O-O 12. Bh4 exd4 13. Bg3 Qc8 14. exd4 Nc5
15. Ne3 Nce4 16. Be5 Bg6 17. Rc1 Nxc3 18. bxc3 Nd7 19. Bg3 Ba3 20. Ra1 Bb2 21.
Ra2 Bxc3 22. d5 Nf6 23. d6 Ne4 24. Bg4 f5 25. Bf3 Nxg3 26. hxg3 Qe6 27. Re2 Rxd6
28. Nd5 Be5 29. Rfe1 cxd5 30. Rxe5 Qf6 31. Rxd5 Rxd5 32. Qxd5+ Kh8 33. Qxb7 Qd4
34. a5 f4 35. g4 h6 36. a6 Bd3 37. Rd1 Qc4 38. Qe7 Rg8 39. g5 hxg5 40. Qxg5 Qxa6
41. Qh4+ Bh7 42. Be4 Qh6 43. Qxh6 gxh6 44. Bxh7 Kxh7 45. Ra1 Ra8 46. Ra6 Kg7 47.
Kh2 Rf8 48. Rxa7+ Rf7 49. Ra6 Rf6 50. Ra5 Kg6 51. f3 Rf5 52. Ra6+ Kg5 53. Kh3
Rb5 54. Rc6 Rd5 55. Re6 Rc5 56. Re1 Rd5 57. Rc1 Re5 58. Rc8 Re1 59. Rg8+ Kf5 60.
Kh2 Re6 61. Rg4 Rg6 62. Rh4 Kg5 63. Rh3 h5 64. Kg1 h4 65. Kf2 Ra6 66. Kf1 Ra1+
67. Kf2 Rb1 68. Rh2 Rc1 69. Rh3 Rb1 70. Rh2 Rb2+ 71. Kf1 Ra2 72. Rh3 Rb2 73. Rh2
Rd2 74. Rh3 Rd1+ 75. Kf2 Ra1 76. Rh2 Ra2+ 77. Kf1 Ra1+ 78. Kf2 Ra2+ 79. Kf1 Ra1+
80. Kf2 1/2-1/2

[Event "chess.com SpeedChess Q1Sw"]
[Site "chess.com INT"]
[Date "2022.11.10"]
[Round "8"]
[White "Fedoseev, Vladimir3"]
[Black "Sjugirov, Sanan"]
[Result "1/2-1/2"]
[WhiteTitle "GM"]
[BlackTitle "GM"]
[WhiteElo "2688"]
[BlackElo "2712"]
[WhiteFideId "24130737"]
[BlackFideId "4189302"]
[EventDate "2022.11.10"]

1. Nf3 d5 2. g3 Bg4 3. Bg2 Nd7 4. c4 e6 5. cxd5 exd5 6. Nc3 c6 7. d3 Ngf6 8. O-O
Bc5 9. Qc2 O-O 10. h3 Bxf3 11. Bxf3 d4 12. Nb1 Bd6 13. Bg5 Re8 14. Nd2 h6 15.
Bxf6 Nxf6 16. a3 a5 17. Rab1 Qe7 18. Kg2 h5 19. Nc4 Bc7 20. h4 g6 21. b4 axb4
22. Rxb4 b5 23. Nd2 Rxa3 24. Rb3 Rxb3 25. Nxb3 Qd6 26. Qxc6 Qxc6 27. Bxc6 Rxe2
28. Bxb5 Rb2 29. Bc4 Ng4 30. Kg1 Ne5 31. Nxd4 Bb6 32. Nb5 Rd2 33. Nd6 Bd4 34.
Ne4 Rc2 35. Rb1 Nxc4 36. dxc4 Rxc4 37. Kg2 Kg7 38. Rb7 Be5 39. Ng5 Rc7 40. Rb5
Bf6 41. Nf3 Re7 42. Rc5 Re6 43. Rc7 Re7 44. Rc6 Re8 45. Kf1 Re7 46. Nd2 Re8 47.
Nc4 Re7 48. Rc8 Re6 49. Rc7 Bd8 50. Rd7 Bf6 51. Nd6 Be7 52. Ne8+ Kf8 53. Nc7 Rd6
54. Rxd6 Bxd6 55. Nd5 Kg7 56. Ke2 Bc5 57. Kf3 Ba7 58. Nb4 Bc5 59. Nd3 Ba7 60.
Ke4 Kf6 61. Kd5 Kf5 62. f3 Bb8 63. f4 Kg4 64. Ke4 Kxg3 65. f5 Kxh4 66. fxg6 fxg6
67. Kf3 g5 68. Nf2 g4+ 69. Kg2 Kg5 70. Ne4+ Kf4 71. Nf6 h4 72. Nxg4 Kxg4 73. Kh1
h3 74. Kg1 h2+ 75. Kh1 Kh3 1/2-1/2

[Event "chess.com SpeedChess Q1Sw"]
[Site "chess.com INT"]
[Date "2022.11.10"]
[Round "8"]
[White "Riehle, Marco"]
[Black "Odegov, Artem"]
[Result "0-1"]
[WhiteTitle "FM"]
[BlackTitle "FM"]
[WhiteElo "2355"]
[BlackElo "2286"]
[WhiteFideId "12904392"]
[BlackFideId "34183644"]
[EventDate "2022.11.10"]

1. e4 e6 2. c4 d5 3. cxd5 exd5 4. Qb3 c6 5. e5 Nd7 6. d4 Qb6 7. Qxb6 Nxb6 8. Bd3
Ne7 9. Ne2 Bf5 10. Bxf5 Nxf5 11. g4 Ne7 12. h3 O-O-O 13. Nbc3 Ng6 14. f4 Bb4 15.
a3 Bxc3+ 16. bxc3 h5 17. f5 Ne7 18. Bg5 Rde8 19. Bxe7 Rxe7 20. Kf2 Nc4 21. a4 h4
22. Kf3 Nd2+ 23. Kf4 Ne4 24. Rhf1 Rhe8 25. Rac1 f6 26. e6 g5+ 27. Ke3 Nd6 28.
Kd3 a5 29. Rb1 Kc7 30. Rb2 Ra8 31. Rfb1 b5 32. axb5 cxb5 33. Rxb5 Nxb5 34. Rxb5
Kc6 35. c4 dxc4+ 36. Kxc4 a4 37. Rc5+ Kb6 38. Nc3 a3 39. Rb5+ Kc6 40. Na2 Rc7
41. d5+ Kd6+ 42. Kd4 Ra6 43. Rb8 Rc2 44. Rd8+ Ke7 45. Rd7+ Ke8 46. d6 Rxa2 47.
Re7+ Kd8 48. Rd7+ Kc8 49. Rc7+ Kb8 50. e7 Rd2+ 51. Ke3 Raxd6 52. Rc3 Rd8 53.
exd8=Q+ Rxd8 54. Rxa3 Kc7 55. Ra7+ Kd6 56. Rf7 Ke5 57. Re7+ Kd5 58. Re4 Rd6 59.
Re8 Kc5 60. Ke4 Rd4+ 61. Ke3 Rd6 62. Ra8 Rb6 63. Rc8+ Kd5 64. Rd8+ Kc5 65. Ke4
Rb4+ 66. Ke3 Rb3+ 67. Kf2 Rxh3 68. Rf8 Rg3 69. Rxf6 Rxg4 70. Ke3 Rf4 71. Rf8 Kd5
72. f6 Ke6 73. Rg8 Kxf6 74. Rf8+ Ke5 75. Re8+ Kf5 76. Ra8 Kg4 77. Ra1 h3 78.
Rg1+ Kh4 79. Rh1 Rf8 80. Kd3 g4 81. Kc3 g3 82. Rd1 h2 83. Kc2 Kh3 84. Kb2 Rf2+
85. Kb3 Rf3+ 86. Kb2 g2 87. Rd2 g1=Q 88. Rc2 h1=Q 89. Ka2 Qb1# 0-1

[Event "chess.com SpeedChess Q1Sw"]
[Site "chess.com INT"]
[Date "2022.11.10"]
[Round "8"]
[White "Alekseenko, Kirill"]
[Black "Lazavik, Denis"]
[Result "1/2-1/2"]
[WhiteTitle "GM"]
[BlackTitle "IM"]
[WhiteElo "2687"]
[BlackElo "2529"]
[WhiteFideId "4135539"]
[BlackFideId "13515110"]
[EventDate "2022.11.10"]

1. e4 e5 2. Nf3 Nc6 3. Bc4 Bc5 4. d3 Nf6 5. Nc3 h6 6. h3 a6 7. a4 d6 8. Be3 Bxe3
9. fxe3 Be6 10. Nd2 O-O 11. O-O d5 12. exd5 Nxd5 13. Qf3 Nxc3 14. bxc3 Qd7 15.
Bxe6 Qxe6 16. Ne4 b6 17. Ng3 Ne7 18. e4 g6 19. Rf2 Kg7 20. Raf1 Rad8 21. Kh2 a5
22. Qe3 Ng8 23. c4 Rd6 24. Ne2 Qd7 25. Nc3 Re6 26. Nd5 Qd6 27. h4 h5 28. Qg5 f6
29. Qg3 Nh6 30. Ne3 Kh7 31. Qh3 Re7 32. g4 Qd4 33. Rg2 Qd7 34. Rfg1 Ref7 35. Qf3
hxg4 36. Nxg4 Nxg4+ 37. Rxg4 Rg8 38. h5 g5 39. Rf1 Qe6 40. Qh3 Rh8 41. Rg2 Qxh3+
42. Kxh3 Kh6 43. Kg4 Rhf8 44. Rgf2 Kg7 45. Rb1 Kh6 46. Rb5 Kg7 47. c5 Rb8 48.
Rf1 Rd8 49. cxb6 cxb6 50. Rxb6 Rd4 51. Kf5 Rxa4 52. Rfb1 Rd4 53. Ra6 a4 54. Rbb6
Kh6 55. Kg4 Kg7 56. Rc6 Rb4 57. h6+ Kg6 58. h7 Kxh7 59. Rxf6 Rxf6 60. Rxf6 Rb2
61. Ra6 Rxc2 62. Rxa4 Rd2 63. Ra7+ Kg6 64. Ra6+ Kf7 65. Rd6 Ke7 66. Rd5 Ke6 67.
Kxg5 Rg2+ 68. Kh4 Rg1 69. Kh3 Kf6 70. Kh2 Rg8 71. Rd6+ Ke7 72. Ra6 Rd8 73. Ra3
Rg8 74. Ra2 Ke6 75. Rg2 Rd8 76. Rg6+ Kf7 77. Rg3 Ke6 78. Kg2 Kd6 79. Kf3 Ke6 80.
Ke3 Ra8 81. Rg6+ Ke7 82. Rb6 Ra1 83. Rc6 Re1+ 84. Kd2 Rh1 85. Ra6 Kd7 86. Kc3
Rc1+ 87. Kd2 Rh1 88. Rg6 Ke7 89. Ke2 Kd7 90. Rf6 Ke7 91. Rf2 Ke6 92. Kf3 Rh3+
93. Ke2 Rh1 94. Rf3 Rh2+ 95. Rf2 Rh1 1/2-1/2

[Event "chess.com SpeedChess Q1Sw"]
[Site "chess.com INT"]
[Date "2022.11.10"]
[Round "8"]
[White "Harsh, Suresh"]
[Black "Borgaonkar, Akshay"]
[Result "0-1"]
[WhiteTitle "FM"]
[BlackTitle "CM"]
[WhiteElo "2280"]
[BlackElo "2135"]
[WhiteFideId "45018464"]
[BlackFideId "25639110"]
[EventDate "2022.11.10"]

1. Nf3 Nf6 2. c4 g6 3. b4 Bg7 4. Bb2 O-O 5. e3 d6 6. Be2 e5 7. O-O Nbd7 8. d4 e4
9. Nfd2 Re8 10. Nc3 Nf8 11. d5 h5 12. Qc2 Bf5 13. Nb3 N8h7 14. Nd4 Ng5 15. Rad1
h4 16. c5 Qc8 17. cxd6 cxd6 18. Ncb5 Qd7 19. Qc7 Rad8 20. Qxd7 Rxd7 21. Nxa7 Ra8
22. Ndb5 b6 23. Nc6 Rxa2 24. Rb1 h3 25. Bc4 hxg2 26. Bxa2 Bh3 27. f4 gxf1=Q+ 28.
Rxf1 Nf3+ 29. Rxf3 exf3 30. Bxf6 Bxf6 31. Kf2 Bg2 32. Kg3 Bh4+ 33. Kxh4 f2 34.
Bc4 Bxd5 35. Bf1 Bxc6 36. Nd4 Bd5 37. Kg3 Ra7 38. Kxf2 Ra2+ 39. Kg3 Rb2 40. b5
Rb1 41. Bh3 f5 42. Kf2 Bc4 43. Bg2 Bxb5 44. Bd5+ Kg7 45. h4 Bd3 46. Kg3 Be4 47.
Ba2 Rg1+ 48. Kh3 Re1 49. h5 Rxe3+ 50. Kh4 gxh5 51. Kxh5 Rd3 52. Ne6+ Kf6 53. Ng5
Bf3+ 54. Kh6 Bg4 55. Nh7+ Ke7 56. Kg6 b5 57. Nf6 b4 58. Nd5+ Kd7 59. Nxb4 Ra3
60. Bf7 Ra5 61. Kf6 Bf3 62. Be6+ Ke8 63. Bxf5 Rb5 64. Nd3 Be2 65. Bg6+ Kf8 66.
Nf2 d5 67. f5 d4 68. Ne4 d3 69. Kg5 Re5 70. Nd2 Ra5 71. Kf4 Ra2 72. Ke3 Kg7 73.
Ne4 Bf1 74. Nd2 Be2 75. Ne4 Ra5 76. Nd2 Re5+ 77. Kf4 Kf6 78. Bh7 Re7 79. Bg6 Ra7
80. Ne4+ Kg7 81. Kg5 Ra5 82. Kf4 Ra4 83. Be8 Rd4 84. f6+ Kf8 0-1

[Event "chess.com SpeedChess Q1Sw"]
[Site "chess.com INT"]
[Date "2022.11.10"]
[Round "9"]
[White "Bluebaum, Matthias"]
[Black "Naroditsky, Daniel"]
[Result "1/2-1/2"]
[WhiteTitle "GM"]
[BlackTitle "GM"]
[WhiteElo "2651"]
[BlackElo "2617"]
[WhiteFideId "24651516"]
[BlackFideId "2026961"]
[EventDate "2022.11.10"]

1. d4 Nf6 2. c4 g6 3. Nc3 Bg7 4. e4 d6 5. Nf3 O-O 6. Be2 e5 7. Be3 h6 8. O-O Ng4
9. Bc1 Nf6 10. Be3 Ng4 11. Bc1 Nf6 12. Be3 1/2-1/2

[Event "chess.com SpeedChess Q1Sw"]
[Site "chess.com INT"]
[Date "2022.11.10"]
[Round "9"]
[White "Bibilashvili, Lali"]
[Black "Deev, Andrei"]
[Result "0-1"]
[WhiteTitle "WCM"]
[BlackTitle "IM"]
[WhiteElo "1919"]
[BlackElo "2390"]
[WhiteFideId "13604236"]
[BlackFideId "4102690"]
[EventDate "2022.11.10"]

1. c4 d6 2. b3 e5 3. Bb2 Nc6 4. g3 g6 5. Bg2 Bg7 6. h4 Nf6 7. Nf3 Bg4 8. d3 O-O
9. Qc2 a5 10. Nc3 Bxf3 11. Bxf3 Nd4 12. Bg2 Nxc2+ 0-1

[Event "chess.com SpeedChess Q1Sw"]
[Site "chess.com INT"]
[Date "2022.11.10"]
[Round "9"]
[White "Mitrabha, Guha"]
[Black "Fedoseev, Vladimir3"]
[Result "0-1"]
[WhiteTitle "GM"]
[BlackTitle "GM"]
[WhiteElo "2474"]
[BlackElo "2688"]
[WhiteFideId "5057000"]
[BlackFideId "24130737"]
[EventDate "2022.11.10"]

1. c4 e6 2. Nc3 d5 3. d4 Bb4 4. Nf3 dxc4 5. a4 Nc6 6. e3 Na5 7. Ne5 Nf6 8. Nxc4
c5 9. dxc5 Qxd1+ 10. Kxd1 Nb3 11. Rb1 O-O 12. c6 Ng4 13. Ke1 bxc6 14. h3 Nf6 15.
Nd2 Nxc1 16. Rxc1 Rd8 17. Nc4 Rb8 18. Be2 Ne4 19. Ne5 Nxc3 20. bxc3 Bxc3+ 0-1

[Event "chess.com SpeedChess Q1Sw"]
[Site "chess.com INT"]
[Date "2022.11.10"]
[Round "9"]
[White "Baskakov, Egor"]
[Black "Tarnowska, Aleksandra"]
[Result "1-0"]
[WhiteTitle "CM"]
[BlackTitle "WCM"]
[WhiteElo "2215"]
[BlackElo "1835"]
[WhiteFideId "24197866"]
[BlackFideId "1180967"]
[EventDate "2022.11.10"]

1. e4 c5 2. Nf3 e6 3. Be2 a6 4. c4 Qc7 5. Nc3 Nf6 6. O-O Nc6 7. d3 d6 8. h3 Be7
9. Be3 O-O 10. d4 cxd4 11. Nxd4 e5 12. Nb3 Be6 13. Rc1 Rac8 14. Nd5 Qd8 15. Bb6
Qd7 16. Qd3 Bxd5 17. cxd5 Nb8 18. a3 Qa4 19. Nd2 Nbd7 20. Be3 Rfd8 21. b4 b5 22.
Rxc8 Rxc8 23. Bd1 Nc5 24. Qc3 Nfxe4 25. Nxe4 1-0

[Event "chess.com SpeedChess Q1Sw"]
[Site "chess.com INT"]
[Date "2022.11.10"]
[Round "9"]
[White "Boros, Denes"]
[Black "Mikhailov, Viacheslav"]
[Result "1-0"]
[WhiteTitle "GM"]
[BlackTitle "IM"]
[WhiteElo "2402"]
[BlackElo "2428"]
[WhiteFideId "722340"]
[BlackFideId "4187369"]
[EventDate "2022.11.10"]

1. d4 Nf6 2. Nf3 g6 3. Nc3 Bg7 4. e4 O-O 5. e5 Ne8 6. h4 d6 7. h5 dxe5 8. hxg6
hxg6 9. Bh6 exd4 10. Bxg7 Nxg7 11. Qd2 dxc3 12. Qh6 Nh5 13. Rxh5 gxh5 14. Bd3
Qxd3 15. cxd3 cxb2 16. Qg5+ Kh7 17. Qxh5+ Kg7 18. Qg5+ Kh7 19. Rb1 Rg8 20. Qxe7
Be6 21. Ng5+ Kg6 22. Nxe6 fxe6 23. Qxe6+ Kg7 24. Qe5+ Kf7 25. Qd5+ Kg7 26. Rxb2
Nc6 27. Rxb7 Rge8+ 28. Kf1 1-0

[Event "chess.com SpeedChess Q1Sw"]
[Site "chess.com INT"]
[Date "2022.11.10"]
[Round "9"]
[White "Xiong, Jeffery"]
[Black "Paravyan, David"]
[Result "1/2-1/2"]
[WhiteTitle "GM"]
[BlackTitle "GM"]
[WhiteElo "2692"]
[BlackElo "2586"]
[WhiteFideId "2047640"]
[BlackFideId "4194985"]
[EventDate "2022.11.10"]

1. e4 e5 2. Nf3 Nf6 3. Nc3 Nc6 4. d4 exd4 5. Nxd4 Bb4 6. Nxc6 bxc6 7. Bd3 O-O 8.
O-O d5 9. exd5 cxd5 10. h3 Bb7 11. Qf3 Rb8 12. Ne2 c5 13. c3 Ba5 14. Rd1 d4 15.
Qg3 Bc7 16. Bf4 Nh5 17. Bxc7 Nxg3 18. Bxd8 Nxe2+ 19. Bxe2 Rfxd8 20. cxd4 cxd4
21. b3 a5 22. Rac1 g6 23. f3 Bc8 24. Rc7 a4 25. bxa4 Be6 26. a5 Rb2 27. Bf1 Rxa2
28. a6 Kg7 29. Rb7 Rd6 30. Rbb1 d3 31. Bxd3 Rxd3 32. Rxd3 Bf5 1/2-1/2

[Event "chess.com SpeedChess Q1Sw"]
[Site "chess.com INT"]
[Date "2022.11.10"]
[Round "9"]
[White "Kovalev, Vladislav"]
[Black "Koziorowicz, Michal"]
[Result "1-0"]
[WhiteTitle "GM"]
[BlackTitle "FM"]
[WhiteElo "2623"]
[BlackElo "2296"]
[WhiteFideId "13504398"]
[BlackFideId "21809194"]
[EventDate "2022.11.10"]

1. e4 c5 2. Be2 d6 3. d3 g6 4. f4 Bg7 5. Nf3 Nc6 6. O-O Nf6 7. c3 O-O 8. Kh1 b5
9. a3 a5 10. Be3 Bb7 11. Nbd2 b4 12. d4 bxc3 13. bxc3 cxd4 14. cxd4 a4 15. Rb1
Ba6 16. Bxa6 Rxa6 17. d5 Nb8 18. Nd4 h5 19. Qe2 Rb6 20. Rxb6 Qxb6 21. Ne6 Qa5
22. Nxf8 Bxf8 23. Qc4 Nbd7 24. Qb4 Qa6 25. Bg1 Qe2 26. Rf2 Qd3 27. Rf3 Qe2 28.
Re3 Qd1 29. Nf3 Ng4 30. Re1 Qc2 31. e5 dxe5 32. fxe5 h4 33. Qxg4 1-0

[Event "chess.com SpeedChess Q1Sw"]
[Site "chess.com INT"]
[Date "2022.11.10"]
[Round "9"]
[White "Svane, Rasmus"]
[Black "Alekseenko, Kirill"]
[Result "0-1"]
[WhiteTitle "GM"]
[BlackTitle "GM"]
[WhiteElo "2619"]
[BlackElo "2687"]
[WhiteFideId "4657101"]
[BlackFideId "4135539"]
[EventDate "2022.11.10"]

1. Nf3 d5 2. g3 Nd7 3. d4 Nb6 4. Nc3 Bf5 5. Nh4 e6 6. Nxf5 exf5 7. Qd3 Qd7 8.
Bh3 g6 9. f3 O-O-O 10. O-O Kb8 11. Bf4 Bd6 12. Bxd6 Qxd6 13. e4 h5 14. exf5 h4
15. Kg2 hxg3 16. hxg3 Ne7 17. Rae1 Nxf5 18. Bxf5 gxf5 19. Qxf5 Rdg8 20. f4 Qb4
21. Re2 Qxd4 22. Rd1 Qg7 23. Rd3 Qh6 24. Kf2 Qh2+ 25. Ke1 Qg1+ 26. Kd2 Nc4# 0-1

[Event "chess.com SpeedChess Q1Sw"]
[Site "chess.com INT"]
[Date "2022.11.10"]
[Round "9"]
[White "Ibarra Jerez, Jose Carlos"]
[Black "Stribuk, Artiom"]
[Result "1-0"]
[WhiteTitle "GM"]
[BlackTitle "FM"]
[WhiteElo "2557"]
[BlackElo "2312"]
[WhiteFideId "2226332"]
[BlackFideId "13515659"]
[EventDate "2022.11.10"]

1. e4 c5 2. Nc3 Nc6 3. Nf3 g6 4. d4 cxd4 5. Nxd4 Bg7 6. Be3 Nf6 7. Bc4 O-O 8.
Bb3 d5 9. exd5 Na5 10. Qf3 Bg4 11. Qg3 Rc8 12. O-O Bh5 13. d6 Nxb3 14. axb3 a6
15. h3 e5 16. Qxe5 Ng4 17. Qg3 Nxe3 18. fxe3 Rc5 19. Qf2 g5 20. Ne4 Re5 21. Ng3
Bg6 22. Ngf5 Rfe8 23. Rad1 Bf8 24. g4 Bxd6 25. Nh6+ Kh8 26. Nxf7+ Bxf7 27. Qxf7
Rxe3 28. Nf5 Rf8 29. Qg7# 1-0

[Event "chess.com SpeedChess Q1Sw"]
[Site "chess.com INT"]
[Date "2022.11.10"]
[Round "9"]
[White "Aaditya, Dhingra"]
[Black "Petrosyan, Manuel"]
[Result "0-1"]
[WhiteTitle "CM"]
[BlackTitle "GM"]
[WhiteElo "2172"]
[BlackElo "2621"]
[WhiteFideId "25678191"]
[BlackFideId "13300857"]
[EventDate "2022.11.10"]

1. e4 c5 2. Nf3 e6 3. g3 Nc6 4. Bg2 Nf6 5. Qe2 Qc7 6. O-O d6 7. Rd1 e5 8. c3 Be7
9. d4 cxd4 10. cxd4 Bg4 11. Be3 Nxe4 12. d5 Nb8 13. Na3 O-O 14. h3 Bh5 15. Rac1
Qd8 16. Nb5 Na6 17. Bxa7 Nec5 18. g4 Bg6 19. b4 Nxb4 20. Bxc5 dxc5 21. d6 Bf6
22. a3 e4 23. axb4 exf3 24. Qxf3 cxb4 25. Qxb7 Rb8 26. Qd5 Qb6 27. Bf1 Bh4 28.
Qf3 b3 29. Rc6 Qb7 30. Bg2 Qxb5 0-1

[Event "chess.com SpeedChess Q1Sw"]
[Site "chess.com INT"]
[Date "2022.11.10"]
[Round "9"]
[White "Kamsky, Gata"]
[Black "Deac, Bogdan-Daniel"]
[Result "1/2-1/2"]
[WhiteTitle "GM"]
[BlackTitle "GM"]
[WhiteElo "2666"]
[BlackElo "2700"]
[WhiteFideId "2000024"]
[BlackFideId "1226380"]
[EventDate "2022.11.10"]

1. e4 c6 2. d4 d5 3. exd5 cxd5 4. Bd3 Nf6 5. c3 Bg4 6. Nf3 Nc6 7. h3 Bh5 8. Bf4
e6 9. Nbd2 Bd6 10. Bxd6 Qxd6 11. O-O O-O 12. Re1 Rab8 13. a4 Qc7 14. Qe2 a6 15.
Qe3 Bg6 16. Bxg6 hxg6 17. Ne5 b5 18. axb5 axb5 19. Ndf3 Nxe5 20. dxe5 Ne4 21.
Nd4 b4 22. c4 Qd7 23. cxd5 exd5 24. f3 Nc5 25. e6 Nxe6 26. Nxe6 Qxe6 27. Qxe6
fxe6 28. Rxe6 Rf6 29. Re5 Rc8 30. Rxd5 Rc2 31. Ra7 Rf5 32. Rdd7 Rg5 33. Rxg7+
Kh8 34. Rh7+ Kg8 35. Rhg7+ Kf8 36. Rgf7+ Kg8 37. Rg7+ 1/2-1/2